Normal view
MARC view
- Sadler, Wendy
Entry Nombre Personal
001 - NUMERO DE CONTROL
- campo de control: 40540
003 - IDENTIFICADOR DE NUMERO DE CONTROL
- campo de control: UPN
005 - FECHA Y HORA DE LA ÜLTIMA TRANSACCIÓN
- campo de control: 20210219194558.0
008 - DATOS DE LONGITUD FIJA
- campo de control de longitud fija: nabaccnnaabn|||||||||| b |nc|||||d
035 ## - NUMERO DE CONTROL
- Número de control: UPN11000012647
040 ## - FUENTE DE CATALOGACIÓN
- Lenguaje de catalogación: SPA
- Agencia de transcripción: UPN
100 1# - ENCABEZAMIENTO - NOMBRE PERSONAL
- Nombre personal: Sadler, Wendy
670 ## - FUENTE EN LA QUE SE LOCALIZARON DATOS
- Cita de la fuente: T
- Uniform Resource Identifier: http://www.sciencemadesimple.co.uk/about/staff/wendy-sadler
680 ## - NOTA PUBLICA DE ACCESO PÚBLICO
- Frase explicativa de la referencia: Directora/Fundadora de La Cencia hecho simple. Conferenciante en Comunicación de la Ciencia y el Compromiso en la Universidad de Cardiff. Apasionada de inspirar a la próxima generación de científicos, ingenieros y comunicadores, y hacer sujetos STEM accesibles a públicos más diversos.
902 ## - CATALOGADOR
- Catalogador: EMR/310817
